| 000 | 00552nam a22001937a 4500 | ||
|---|---|---|---|
| 003 | CEME | ||
| 005 | 20210628203952.0 | ||
| 008 | 210309b xxu||||| |||| 00| 0 eng d | ||
| 020 | _a0-08-040517-7 | ||
| 040 | _c. | ||
| 082 | _a621.3121 MOD'B | ||
| 100 |
_aBritish Electrical International _965771 |
||
| 245 | _aModern power station practice , station operation and maintenanace | ||
| 250 | _a3RD | ||
| 260 |
_aOXFORD _bPERGMAN _c1991 |
||
| 300 | _aVOL-G | ||
| 650 |
_aELECTRICAL POWWER PLANTS DESIGN AND CONSTRUCTIONS _968083 |
||
| 942 |
_cBK _2ddc |
||
| 999 |
_c575733 _d575733 |
||